000 00568nam a22001817a 4500
005 20251108174937.0
008 250721s2009 xx 000 0 ara d
082 1 4 _a551.9/يسر
100 1 _aيسري، ماهر
_eمترجم
245 1 0 _aشعوب وقبائل آكلي لحوم البشر /
264 1 _aالجيزة :
_bدار مشارق للنشر والتوزيع،
_c2009.
300 _a222ص.
650 1 7 _aالعادات والتقاليد
650 1 7 _aالمعرفة
653 _aآكل لحوم البشر
942 _2ddc
_cBK
999 _c122132
_d122132